000 00697nam a2200241Ia 4500
003 OSt
005 20250220154321.0
008 241129s9999||||xx |||||||||||||| ||und||
020 _a978-0230242609
037 _aTB
040 _aARTS
_beng
_cARTS
041 _aeng
_2eng
084 _aSigma:(R) R3
_qARTS
100 _aBenton Ted Au.
_9726811
245 0 _aPhilosophy of social science: the philoosphical foundations of social thought
_cBenton Ted Au.
250 _a3rd
260 _aUK
_bBloomsbury Academic
_c2022
300 _axiv,310p.
365 _aUKP
_b32.99
650 _aSocial SciencePhilosophy
_9726812
942 _cTB
_hSigma:(R) R3
_2CC
_n0
999 _c1226946
_d1226946